Vocabulario de construcción naval: español-inglés, inglés-español
Uloženo v:
| Hlavní autor: | |
|---|---|
| Médium: | Kniha |
| Jazyk: | španělština |
| Vydáno: |
Madrid
Asociaciones de ingenieros Navales
1979
|
| Témata: | |
| Tagy: |
Přidat tag
Žádné tagy, Buďte první, kdo vytvoří štítek k tomuto záznamu!
|
MARC
| LEADER | 00000nam a2200000 a 4500 | ||
|---|---|---|---|
| 001 | UCV4625 | ||
| 003 | CL-VaPUC | ||
| 008 | 900727e19790000SP |||||||||||||||||spa|d | ||
| 082 | 0 | 4 | |a 623.82 |b CRE |2 21 |
| 100 | 0 | |a Crespo Rodríguez, Rafael |e author |9 298809 | |
| 245 | 1 | 0 | |a Vocabulario de construcción naval: español-inglés, inglés-español |
| 300 | |a 179 p | ||
| 942 | |c BK | ||
| 945 | |d 19900727 00:00:00 | ||
| 260 | |a Madrid |b Asociaciones de ingenieros Navales |c 1979 | ||
| 650 | 7 | |a CONSTRUCCION NAVAL |2 CL-VaPUC |9 260853 | |
| 650 | 0 | |a Diccionarios |9 256200 | |
| 583 | |a last modification |c 19900727 00:00:00 |k Rodrigo Vera | ||
| 999 | |c 211351 |d 211349 | ||
| 952 | |0 0 |1 0 |4 0 |6 623_820000000000000_CRE_1979 |7 0 |8 A |9 190455 |a BIBING |b BIBING |d 2019-11-14 |i 2582325 |o 623.82 CRE 1979 |p 2582325 |r 2025-01-20 |w 2019-11-14 |y BK |k TRA | ||